000 01215nam a22002897a 4500
005 20170712103431.0
010 _a1516EN07 ENG-114955
020 _a9789332549951
_c525.00
020 _a9789332549951
_c579.00 (AV)
035 _aB-613611-632
035 _aEN-98487
035 _aB-667993
037 _aDPL
_bTechniz/Ven
037 _bDBAD/PUB
082 _a005.74
100 _aKroenke, David M.
245 _aDatabase processing:
_cby David M. Kroenke [and] David J.Auer
_bfundamentals,design and implementation /
250 _a13th ed
260 _aNoida
_bPearson Education
_c2015
270 _a7th Floor,Knowledge Boulevard,A-8(A) Sector-62,
_bNoida
_e201309
300 _a640p.:
_c27cm(pbk)
_bill.
500 _aIncludes bibliographical references and index
700 _aAuer, David J.
942 _2ddc
_cEN
_h005.74
_mKRO
999 _c95968
_d95968